British rule, and rebellion, (Record no. 552718)

000 -LEADER
fixed length control field 00491cam a2200169u 4500
082 ## - DEWEY DECIMAL CLASSIFICATION NUMBER
Classification number 942
Author Mark SIM
100 1# - MAIN ENTRY--PERSONAL NAME
Personal name Simson, H. J.
9 (RLIN) 49977
245 10 - TITLE STATEMENT
Title British rule, and rebellion,
260 ## - PUBLICATION, DISTRIBUTION, ETC.
Place of publication, distribution, etc. Edinburgh and London,
Name of publisher, distributor, etc. W. Blackwood & sons., ltd.,
Date of publication, distribution, etc. 1937.
300 ## - PHYSICAL DESCRIPTION
Extent p. cm.
526 ## - STUDY PROGRAM INFORMATION NOTE
Program name 0
Interest level 0
Reading level 0
Title point value 942_000000000000000_SIM
650 #0 - SUBJECT ADDED ENTRY--TOPICAL TERM
Topical term or geographic name entry element Government, Resistance to.
9 (RLIN) 27128
650 #0 - SUBJECT ADDED ENTRY--TOPICAL TERM
Topical term or geographic name entry element Jews
Geographic subdivision Palestine.
9 (RLIN) 49978
650 #0 - SUBJECT ADDED ENTRY--TOPICAL TERM
Topical term or geographic name entry element MCE
9 (RLIN) 379
650 #0 - SUBJECT ADDED ENTRY--TOPICAL TERM
Topical term or geographic name entry element Palestinian Arabs.
9 (RLIN) 27196
942 ## - ADDED ENTRY ELEMENTS (KOHA)
Source of classification or shelving scheme
Koha item type Book
Holdings
Withdrawn status Lost status Source of classification or shelving scheme Damaged status Not for loan Permanent Location Current Location Shelving location Date acquired Total Checkouts Full call number Barcode Date last seen Price effective from Koha item type
          Military College of Engineering (MCE) Military College of Engineering (MCE)   01/21/2015   942 SIM MCE-ECB/26 01/21/2015 01/21/2015 Book
© 2023 Central Library, National University of Sciences and Technology. All Rights Reserved.